00590nam a22001817a 4500003000400000008004100004020001800045082001400063100001700077245002600094250001300120260003700133300001100170650001100181942001300192999001700205952018600222OSt241022b |||||||| |||| 00| 0 eng d a9788189738372 a793.3 JAC aJAITLY, Jaya aCrafts Atlas Of India aReprint, aNew Delhi,bNiyogi Books,c2021, a464 p. aB.FAD. 2ddccREF c12927d12927 00102ddc40708BFADaPIETNCRbPIETNCRd2024-10-01ePankaj Publication InternationalfIn Rupeesg4500.00kPPI-15l0o793.3 JACpN3760r2024-10-22 00:00:00v3285.00w2024-10-01yREF